|
|
|
|
| LEADER |
00000nam a2200000 i 4500 |
| 001 |
115577 |
| 003 |
CZ ZlUTB |
| 005 |
20260504151701.0 |
| 007 |
ta |
| 008 |
260504s2017 xxka e f 001 0 eng d |
| 020 |
|
|
|a 978-1-78839-265-5
|q (brožováno)
|
| 040 |
|
|
|a ZLD002
|b cze
|e rda
|
| 044 |
|
|
|a xxk
|a ii
|
| 072 |
|
7 |
|a 004.4/.6
|x Programování. Software
|2 Konspekt
|9 23
|
| 080 |
|
|
|a 004.659
|2 MRF
|
| 080 |
|
|
|a 004.4
|2 MRF
|
| 080 |
|
|
|a 004.658
|2 MRF
|
| 080 |
|
|
|a (035)
|2 MRF
|
| 100 |
1 |
|
|a Baruti, Renato
|4 aut
|
| 245 |
1 |
0 |
|a Learning Alteryx :
|b a beginner's guide to using Alteryx for self-service analytics and business intelligence /
|c Renato Baruti
|
| 264 |
|
1 |
|a Birmingham ;
|a Mumbai :
|b Packt,
|c 2017
|
| 300 |
|
|
|a iii, 211 stran :
|b ilustrace ;
|c 24 cm
|
| 336 |
|
|
|a text
|b txt
|2 rdacontent
|
| 337 |
|
|
|a bez média
|b n
|2 rdamedia
|
| 338 |
|
|
|a svazek
|b nc
|2 rdacarrier
|
| 500 |
|
|
|a Obsahuje rejstřík
|
| 500 |
|
|
|a Každá kapitola obsahuje shrnutí
|
| 650 |
0 |
7 |
|a dolování dat
|7 ph165954
|2 czenas
|
| 650 |
0 |
7 |
|a software
|7 ph125823
|2 czenas
|
| 650 |
0 |
7 |
|a správa databází
|7 ph137775
|2 czenas
|
| 650 |
0 |
9 |
|a data mining
|2 eczenas
|
| 650 |
0 |
9 |
|a software
|2 eczenas
|
| 650 |
0 |
9 |
|a database administration
|2 eczenas
|
| 655 |
|
7 |
|a příručky
|7 fd133209
|2 czenas
|
| 655 |
|
9 |
|a handbooks and manuals
|2 eczenas
|
| 910 |
|
|
|a ZLD002
|
| 942 |
|
|
|2 udc
|
| 952 |
|
|
|0 0
|1 0
|4 0
|5 0
|6 004BARUTIR
|7 0
|8 BOOK
|9 190977
|a UTBZL
|b UTBZL
|c 005
|d 2026-05-04
|l 0
|o 004/BARUTI,R.
|p 420010202055
|r 2026-05-04 15:17:32
|v 707.00
|w 2026-05-04
|x N:nákup
|y 01
|
| 992 |
|
|
|a BK
|b SKNEW
|
| 999 |
|
|
|c 115577
|d 115577
|